000 00735nam a22002531 4500
001 sa 68003759
003 DLC
005 20260227112456.0
008 710903m19659999ii b 00010 eng
010 _asa 68003759
025 _aPL480:I-E-8406
043 _aa-ii---
050 0 _aDS423
_b.A88
100 1 0 _aAwasthi, A. B. L.
245 1 0 _aIndian nationalism,
_cby A. B. L. Awasthi.
250 _a[1st ed.]
260 0 _aLucknow,
_bKailash Prakashan,
_c1965-
300 _av.
_c23 cm.
350 _aRs20
504 _aBibliography: v. 1, p. [247]-254.
505 1 _av. 1. Patriotism, political consciousness and national integration in ancient India.
650 0 _aNationalism
_zIndia.
651 0 _aIndia
_xCivilization.
999 _c79732
_d79732